=LDR 00000nam 2200000 4500 =001 001203 =005 20250710025538 =035 ##$$a 0010-0725000218 =007 ta =008 250710################a##########0#ind## =020 ##$$a 978-623-307-148-2 =082 ##$$a 398.209 598 =084 ##$$a 398.209 598 DWI k =100 #$$a Dwi oktarina =245 1#$$a Kue keranjang mei lan /$c Dwi oktarina =250 ##$$a Cetakan pertama =260 ##$$a Rawamangun :$b Badan pengembangan dan pembinaan bahasa,$c 2022 =300 ##$$a 28 hlm. : $b Ilus. ; $c 29,7cm =650 #4$$a Cerita anak-sumatera =990 ##$$a TBM00780078